|
|
|
|
| LEADER |
00000nas a22000001a 4500 |
| 001 |
vtls010300091 |
| 003 |
SK-MaSNL |
| 005 |
20260228162535.0 |
| 008 |
110810d19431944xo mr p r 0 b0ger |
| 015 |
|
|
|a SNBDS17XX9999
|
| 015 |
|
|
|a 0124
|2 Fedor 1939-44
|
| 038 |
|
|
|a SNKBUDS
|
| 040 |
|
|
|a SNK
|b slo
|c SNK
|e AACR2
|
| 041 |
0 |
|
|a ger
|
| 044 |
|
|
|a xo
|c SK
|
| 245 |
0 |
0 |
|a Gesundheits-Blätter
|b Monatsschrift der Deutschen Ärzteschaft in der Slowakei
|
| 260 |
|
|
|a Bratislava
|b Deutsche Ärzteschaft in der Slowakei
|c 1943-1944
|
| 300 |
|
|
|a 2 roč.
|c 22 x 16 cm
|
| 310 |
|
|
|a 1x mesačne
|
| 362 |
0 |
|
|a Roč. II, č. 1 (apr. 1943)-roč. III, č. 5 (máj 1944)
|
| 500 |
|
|
|a Vych. v Bratislave raz mesačne vo formáte 22 x 16 cm [1/II (apríl 1943)]; 24 x 17 cm [od 2/II (máj 1943)]
|
| 500 |
|
|
|a Za red. zodp. Erhard Markus, [od 5-6/II (júl 1943)] ako: red. Za vedenie zodp. Michael Gamauf
|
| 500 |
|
|
|a Vyd. Deutsche Ärzteschaft in der Slowakei [od 5-6/II (júl 1943)]
|
| 500 |
|
|
|a Tlač. Gutenberg. Za tlač. zodp. Adalbert Gabriel [od 5-6/II (júl 1943)]
|
| 500 |
|
|
|a Vych. od apríla 1943 do (mája 1944). Bol povolený výmerom Prez. Polic. riadit. v Bratislave čís. 3314/1943-prez. z 22. 4. 1943 v náklade 500-1.000 exemplárov
|
| 505 |
8 |
0 |
|g Roč. II. 1943 12 čís. 358 s. + inzertná časť
|
| 505 |
8 |
0 |
|g Roč. III. 1944 5 čís. 172 s. + inzertná časť
|
| 520 |
|
|
|a Nemecký mesačník, ktorý hájil záujmy nemeckých lekárov a zdravotné požiadavky nemeckej národnej skupiny na Slovensku
|
| 580 |
|
|
|a Vychádzal ako pokračovanie časopisu Nachrichtenblatt KLV
|
| 650 |
0 |
7 |
|a zdravotníctvo
|2 SNKPH
|9 1269
|
| 650 |
0 |
7 |
|a lekári
|2 SNKPH
|9 3195
|
| 655 |
|
7 |
|a spolkové časopisy
|2 SNKBUDS
|9 269233
|
| 700 |
1 |
|
|a Markus, Erhard
|4 pbd
|9 271362
|
| 700 |
1 |
|
|a Gabriel, Adalbert
|4 red
|9 271363
|
| 700 |
1 |
|
|a Gamauf, Michal
|4 pbd
|9 271364
|
| 710 |
2 |
|
|a Deutsche Ärzteschaft in der Slowakei
|e vydav.
|9 271365
|
| 710 |
2 |
|
|a Gutenberg, Kern a spol. (Bratislava)
|e tlač.
|9 271366
|
| 780 |
0 |
0 |
|t Nachrichtenblatt KLV
|
| 852 |
|
|
|a SNK
|b 10000
|h ČSC 407
|
| 852 |
|
|
|a UKB
|b 300000
|h 26 D 414
|
| 852 |
|
|
|a UKB
|b 300000
|h SD 19778
|
| 999 |
|
|
|c 8017
|d 9947
|